Países de África menos adivinados en Jetpunk - Estadísticas

Estadísticas generales
  • Esta prueba ha sido intentada 35 veces
  • La puntuación promedio es 27 de 31
Estadísticas de respuestas
% de adivinación País % Correcto
38 Guinea Ecuatorial
96%
40 Sudán del Sur
96%
32 Togo
96%
35 Cabo Verde
93%
23 Esuatini
93%
28 Gabón
93%
27 Guinea-Bissau
93%
30 Mauricio
93%
24 Seychelles
93%
20 Yibuti
93%
31 Botsuana
89%
24 Burundi
89%
18 Comoras
89%
30 Liberia
89%
37 Mozambique
89%
29 Ruanda
89%
28 Sierra Leona
89%
35 Uganda
89%
31 Zimbabue
89%
24 Benín
86%
25 Gambia
86%
32 Lesoto
86%
23 Malaui
86%
20 Santo Tomé y Príncipe
86%
38 Tanzania
86%
26 Burkina Faso
82%
30 Eritrea
82%
37 Mauritania
82%
35 Zambia
82%
31 Namibia
79%
34 República Centroafricana
79%
No se encontraron pruebas coincidentes
Distribución de puntuación
Porcentaje de gente con cada puntuación
Porcentaje por número respondido
Historial de tus puntuaciones
No has intentado esta prueba.